Standard handbook of environmental engineering
Đã lưu trong:
| Tác giả chính: | |
|---|---|
| Định dạng: | Sách |
| Ngôn ngữ: | Tiếng Anh |
| Được phát hành: |
Nueva York
McGraw-Hill
1990
|
| Những chủ đề: | |
| Các nhãn: |
Thêm thẻ
Không có thẻ, Là người đầu tiên thẻ bản ghi này!
|
MARC
| LEADER | 00000nam a2200000 a 4500 | ||
|---|---|---|---|
| 001 | UCY0843 | ||
| 003 | CL-VaPUC | ||
| 008 | 940813e19900000US |||||||||||||||||eng|d | ||
| 082 | 0 | 4 | |a 628 |b COR |2 21 |
| 100 | 0 | |a Corbitt, Robert A |e author |9 328688 | |
| 245 | 1 | 0 | |a Standard handbook of environmental engineering |
| 246 | 1 | 0 | |a Environmental engineering |
| 300 | |a 1 v. varias paginaciones | ||
| 942 | |c BK | ||
| 945 | |d 19940813 00:00:00 |a mfernand | ||
| 260 | |a Nueva York |b McGraw-Hill |c 1990 | ||
| 650 | 0 | |a Ingeniería ambiental |9 328689 | |
| 583 | |a last modification |c 19940813 00:00:00 |k Rodrigo Vera | ||
| 999 | |c 229742 |d 229740 | ||
| 952 | |0 0 |1 0 |4 0 |6 628_000000000000000_COR_1990 |7 0 |8 A |9 231246 |a BIBING |b BIBING |d 2019-11-15 |i 3183467 |o 628 COR 1990 |p 3183467 |r 2025-01-20 |w 2019-11-15 |y BK |k EIE | ||
| 952 | |0 0 |1 0 |4 0 |6 628_000000000000000_COR_1990 |7 0 |8 A |9 231247 |a BIBING |b BIBING |d 2019-11-15 |i 1720147 |o 628 COR 1990 |p 1720147 |r 2025-01-20 |w 2019-11-15 |y BK |k EIQ | ||
| 952 | |0 0 |1 0 |4 0 |6 628_000000000000000_COR_1990 |7 0 |8 A |9 231248 |a BIBING |b BIBING |d 2019-11-15 |i 2674572 |o 628 COR 1990 |p 2674572 |r 2025-01-20 |w 2019-11-15 |y BK |k EIQ | ||